000 00611nam a22002297a 4500
003 UA-OsUOA
001 62345
007 ta
008 20090820b un ||||| |||| 00| 0 ukr d
100 _aБернацький М.
090 _a811.161.2
_bБ51
942 _cBK
040 _aUA-OsUOA
_bukr
_cUA-OsUOA
_dUA-OsUOA
245 _aГраматика української мови. Фонетика української мови
300 _a178 с.
955 _a2
041 _aukr
080 _a811.161.2
260 _aК.
_bРадянська школа
_c1939
650 7 _2UDC
999 _c348435
_d348435